| 000 | 00606nab a2200205 a 4500 | ||
|---|---|---|---|
| 005 | 20210223125636.0 | ||
| 008 | 991125s1985 mx 000 0 spa u | ||
| 035 | _aUPN01000138599 | ||
| 100 | 1 |
_aTedesco, Juan Carlos, _d1944- _934515 |
|
| 222 | _aREVISTA IBEROAMERICANA DE EDUCACION | ||
| 245 | _a¿Por qué son tan difíciles los pactos educativos? | ||
| 260 | _aMadrid, España | ||
| 300 | _a17-28 | ||
| 362 | 0 | _a2004 No. 34, ene.-abr. | |
| 653 | 0 | _aPACTO EDUCATIVO | |
| 653 | 0 | _aESTRATEGIAS EDUCATIVAS | |
| 653 | 0 | _aGLOBALIZACION | |
| 653 | 0 | _aDESCENTRALIZACION EDUCATIVA | |
| 905 | _aArticulo | ||
| 999 |
_c110747 _d110747 |
||